000 00925nam a2200241Ia 4500
003 GCL
005 20240530105012.0
008 140319s9999 xx 000 0 ara d
020 _a7004718977
040 _aGCL /
_cGCL
082 0 4 _a962.048
_bق/ع م
100 1 _aعبدالرحمن فهمى
245 1 0 _aمذكرات عبدالرحمن فهمى يوميات مصر السياسية :
_bج2 الحصار يوليه 1919 - مارس 1920 /
_cعبدالرحمن فهمى
260 _aالقاهرة :
_bالهيئة المصرية العامة للكتاب ،
_c1993
300 _a422 ص ؛
_c24 سم
650 0 4 _aالعصر الحديث
650 0 4 _aالاحتلال البريطانى
650 0 4 _aمصر - تاريخ
650 0 4 _aمصر - تاريخ - العصر الحديث - ثورة 1919
700 1 _aجمال الدين امين مهنا
700 1 _aيونان لبيب رزق
942 _2ddc
_cBK
999 _c52427
_d52427